[Event "TCh-HUN 2010-11"]
[Site "Budapest HUN"]
[Date "2011.05.15"]
[Round "11"]
[White "Lorand,N"]
[Black "Izsak,Gyu"]
[Result "0-1"]
[WhiteElo "2369"]
[BlackElo "2472"]

1.e4 c5 2.Nf3 e6 3.d4 cxd4 4.Nxd4 a6 5.Bd3 Nf6 6.O-O Qc7 7.c4 Nc6 8.Nxc6 dxc6
9.Be3 e5 10.f3 Nd7 11.Kh1 Bc5 12.Bd2 Nf8 13.Nc3 Ne6 14.Ne2 Qd6 15.Qc2 Nd4
16.Nxd4 Bxd4 17.f4 Bg4 18.f5 Rd8 19.h3 Bc5 20.hxg4 Qxd3 21.Qxd3 Rxd3 22.Bc3 Bd4
23.Rad1 Rxd1 24.Rxd1 c5 25.Bxd4 cxd4 26.Rd3 Kd7 27.g5 Rc8 28.Rb3 Rxc4 29.Rxb7+ Kc6
30.Rb3 Rc1+ 31.Kh2 Re1 32.g3 Rxe4 33.Kg2 Re1 34.Kf2 Rb1 35.Rb4 a5  0-1

[Event "TCh-HUN 2010-11"]
[Site "Paks HUN"]
[Date "2011.05.15"]
[Round "11"]
[White "Papp,Ga"]
[Black "Mester,G"]
[Result "1-0"]
[WhiteElo "2526"]
[BlackElo "2443"]

1.e4 c5 2.Nf3 e6 3.d4 cxd4 4.Nxd4 a6 5.Bd3 Nc6 6.Nxc6 bxc6 7.O-O d5 8.Nd2 Nf6
9.Qe2 Be7 10.b3 Nd7 11.Bb2 Bf6 12.e5 Be7 13.c4 Nc5 14.Bc2 a5 15.Rad1 Qc7
16.Kh1 a4 17.Bc3 axb3 18.axb3 Bb7 19.f4 g6 20.Ra1 O-O 21.b4 Na6 22.c5 d4
23.Bxd4 Nxb4 24.Bb3 Ba6 25.Bc4 Qd7 26.Be3 Bxc4 27.Nxc4 Rxa1 28.Rxa1 Qd3 29.Qxd3 Nxd3
30.Nd6 Nb4 31.Bd2 Nd5 32.g4 f6 33.exf6 Bxf6 34.Ra6 Bd4 35.Rxc6 Ne7 36.Ra6 Bxc5
37.Ne4 Bd4 38.Rxe6 Nd5 39.Rd6 Re8 40.Ng3  1-0

[Event "ch-Euro Indiv Women"]
[Site "Tbilisi GEO"]
[Date "2011.05.15"]
[Round "8"]
[White "Nemcova,Kat"]
[Black "Abdulla,K"]
[Result "1/2-1/2"]
[WhiteElo "2294"]
[BlackElo "2168"]

1.e4 c5 2.Nf3 e6 3.d4 cxd4 4.Nxd4 a6 5.Bd3 Bc5 6.Nb3 Be7 7.O-O d6 8.Nc3 Nf6
9.f4 Nc6 10.Kh1 Qc7 11.Qf3 O-O 12.Bd2 b5 13.Rae1 Bb7 14.Qh3 g6 15.f5 Qd7
16.Bg5 exf5 17.exf5 Nh5 18.Bh6 Ne5 19.Bxf8 Rxf8 20.Be4 Nf6 21.Bxb7 Qxb7 22.Nd2 Rc8
23.fxg6 hxg6 24.Nce4 Nxe4 25.Nxe4 Rxc2 26.Qb3 Qc6 27.Re3 Rc1 28.Ree1 Rc2
29.Re3 Rc1 30.Ree1 Rc2  1/2-1/2

[Event "Serbian Cup 2011"]
[Site "Valjevo SRB"]
[Date "2011.05.17"]
[Round "2.8"]
[White "Zivanovic,B"]
[Black "Milosevic,A"]
[Result "0-1"]
[WhiteElo "1962"]
[BlackElo "2280"]

1.e4 c5 2.Nf3 e6 3.d4 cxd4 4.Nxd4 a6 5.Bd3 Bc5 6.Nb3 Be7 7.Nc3 d6 8.Be3 Nf6
9.O-O Nbd7 10.f4 b5 11.a3 Bb7 12.Qe2 O-O 13.Rad1 Qc7 14.h3 Rfe8 15.g4 d5
16.e5 Ne4 17.Bxe4 dxe4 18.Bf2 Nc5 19.Nxc5 Bxc5 20.Rfe1 Bxa3 21.Nxb5 axb5
22.bxa3 e3 23.Bxe3 Qc6 24.Qh2 Rxa3 25.Rd2 h5 26.gxh5 Rea8 27.h6 gxh6 28.Red1 Rxe3
29.Rd8+ Rxd8 30.Rxd8+ Kh7 31.Rd1 Qc3  0-1

[Event "ch-CZE"]
[Site "Pardubice CZE"]
[Date "2011.05.19"]
[Round "8"]
[White "Kanovsky,D"]
[Black "Mirumian,V"]
[Result "1/2-1/2"]
[WhiteElo "2472"]
[BlackElo "2513"]

1.e4 c5 2.Nf3 e6 3.d4 cxd4 4.Nxd4 a6 5.Bd3 d6 6.O-O Nf6 7.Qe2 Nbd7 8.Nc3 g6
9.Bc4 Qa5 10.f4 Bg7 11.f5 exf5 12.exf5+ Qe5 13.Be3 O-O 14.fxg6 hxg6 15.Nf3 Qh5
16.Bd4 b5 17.Bb3 Bb7 18.Bxf6 Nxf6 19.Qe7 Qc5+ 20.Kh1 Rab8 21.Rad1 b4 22.Na4 Qh5
23.Qxd6 Rbe8 24.Nc5 Bxf3 25.Rxf3 Ng4 26.h3 Ne3 27.Re1 Nf5 28.Qd2 Rxe1+ 29.Qxe1 Nd4
30.Rxf7 Rxf7 31.Qe8+ Kh7  1/2-1/2

[Event "Serbian Cup 2011"]
[Site "Valjevo SRB"]
[Date "2011.05.19"]
[Round "4.5"]
[White "Pikula,D"]
[Black "Cvetanovic,U"]
[Result "1-0"]
[WhiteElo "2531"]
[BlackElo "2231"]

1.e4 c5 2.Nf3 e6 3.d4 cxd4 4.Nxd4 a6 5.Bd3 Nf6 6.O-O Qc7 7.Qe2 Nc6 8.Nxc6 dxc6
9.e5 Nd7 10.Bf4 Nc5 11.Nd2 Bd7 12.Rad1 Nxd3 13.Qxd3 c5 14.Ne4 Bb5 15.c4 Bc6
16.Nd6+ Bxd6 17.exd6 Qd7 18.Be3 b6 19.Qb3 Ba4 20.Qxb6 Bxd1 21.Rxd1 Rc8 22.Bxc5 O-O
23.b3 Rfd8 24.Qa5 Qc6 25.Ba3 Qe4 26.h3 Qc6 27.Qe5 Qd7 28.c5 f6 29.Qe2 Kh8
30.Bb4 Qc6 31.Qxe6 Re8 32.Qf7 Rf8 33.Qc4 f5 34.d7 Rcd8 35.Rd6 Qc7 36.Qd5  1-0

[Event "XXX Zalakaros Open"]
[Site "Zalakaros HUN"]
[Date "2011.05.20"]
[Round "1"]
[White "Xu,F"]
[Black "Vegh,E"]
[Result "0-1"]
[WhiteElo "1951"]
[BlackElo "2252"]

1.e4 c5 2.Nf3 e6 3.d4 cxd4 4.Nxd4 a6 5.Bd3 b5 6.O-O Bb7 7.a4 b4 8.c3 Qc7
9.cxb4 Bxb4 10.Bd2 Bd6 11.h3 Nf6 12.Nc3 Qb6 13.Nb3 Nc6 14.Be3 Qc7 15.Rc1 Qb8
16.Nc5 Bc8 17.Qe2 Nb4 18.Bb1 O-O 19.Rfd1 Be7 20.f4 d6 21.Nd3 a5 22.Nb5 Na6
23.Bd4 Bb7 24.e5 Nd5 25.Qg4 g6 26.exd6 Bxd6 27.Ne5 Bxe5 28.Bxe5 Qd8 29.Qg3 Rc8
30.f5 Rxc1 31.Rxc1 exf5 32.Bxf5 Nab4 33.Nd4 Re8 34.Kh1 Qe7 35.Nf3 Ne3 36.Bxg6 hxg6
37.Rc7 Nf5 38.Qf4 Qe6 39.Rxb7 Nd3 40.Qg5 Nxe5 41.Nxe5 Qxe5 42.Rb5 Ng3+ 43.Kh2 Nf1+
44.Kg1 Qe1 45.Qf6 Ng3+ 46.Kh2 Ne2  0-1

[Event "ch-Catalan KO"]
[Site "Sabadell ESP"]
[Date "2011.05.21"]
[Round "4.2"]
[White "Alsina Leal,D"]
[Black "Fluvia Poyatos,Joa"]
[Result "1-0"]
[WhiteElo "2545"]
[BlackElo "2472"]

1.e4 c5 2.Nf3 e6 3.d4 cxd4 4.Nxd4 a6 5.Bd3 Bc5 6.Nb3 Be7 7.Qg4 g6 8.Nc3 Nc6
9.O-O Nf6 10.Qe2 d6 11.Bh6 b5 12.f4 b4 13.Na4 e5 14.fxe5 Nxe5 15.a3 bxa3
16.Rxa3 Nfg4 17.Bg7 Rg8 18.Bxe5 Nxe5 19.Nc3 a5 20.Nd5 Bb7 21.Nxe7 Kxe7 22.Rfa1 Qb6+
23.Qf2 Qxf2+ 24.Kxf2 f5 25.Nxa5 fxe4 26.Be2 Rab8 27.Ke3 Bd5 28.b3 Ke6 29.Ra4 Rgc8
30.c4 Bc6 31.R4a3 Ba8 32.Rb1 d5 33.cxd5+ Bxd5 34.b4 Rb6 35.b5 Ra8 36.Raa1 Rc8
37.Rc1 Rxc1 38.Rxc1 Nd3 39.Rb1 Ke5 40.Bxd3 exd3 41.Kxd3 Be4+ 42.Ke3 Bxb1
43.Nc4+ Kd5 44.Nxb6+ Kc5 45.Na4+ Kd6 46.Kd4 Kc7 47.Nc3 Bc2 48.Kc5 Kb7 49.Nd5 Be4
50.g3 g5 51.Nf6 Bg6 52.Ng4 Be8 53.Ne5 Bh5 54.Nc4 Kc7 55.b6+ Kb8 56.Nd6 Bd1
57.Nf7 g4 58.Nd6 Be2 59.Ne4 Bd3 60.Nf6 Bf5 61.Kc6 Kc8 62.b7+ Kb8 63.Nd7+ Bxd7+
64.Kxd7 Kxb7 65.Ke6 Kc6 66.Kf6 Kd5 67.Kg7  1-0

[Event "ch-Siberia Men"]
[Site "Barnaul RUS"]
[Date "2011.05.22"]
[Round "3"]
[White "Malyshev,Sergey"]
[Black "Sitnikov,D"]
[Result "0-1"]
[WhiteElo "2311"]
[BlackElo "2463"]

1.e4 c5 2.Nf3 e6 3.d4 cxd4 4.Nxd4 a6 5.Bd3 Nf6 6.O-O d6 7.c4 Nbd7 8.Nc3 g6
9.Be3 Bg7 10.Nb3 O-O 11.f4 b6 12.a4 Rb8 13.a5 bxa5 14.Nxa5 Qc7 15.Qc2 Ng4
16.Bc1 Bd4+ 17.Kh1 Ne3 18.Bxe3 Bxe3 19.Ne2 Ba7 20.Rf3 Nc5 21.Qc3 Qb6 22.Ra2 Bd7
23.Bc2 Rfe8 24.h4 d5 25.e5 Rec8 26.b3 Ne4 27.Bxe4 dxe4 28.Rf1 Qd8 29.Qg3 Bc6
30.Nc3 Ba8 31.Rd1 Qc7 32.Qg5 Rd8 33.h5 Rxd1+ 34.Nxd1 Rd8 35.Nc3 Bc5 36.f5 exf5
37.e6 Qe7 38.exf7+ Kxf7 39.Qf4 Bd6 40.Qf2 Qe5 41.Qh4  0-1

[Event "Orlova Open"]
[Site "Orlova CZE"]
[Date "2011.05.22"]
[Round "2.1"]
[White "Jakubiec,A"]
[Black "Didi,J"]
[Result "1-0"]
[WhiteElo "2535"]
[BlackElo "2031"]

1.e4 c5 2.Nf3 e6 3.d4 cxd4 4.Nxd4 a6 5.Bd3 Qc7 6.O-O Nf6 7.f4 Bc5 8.c3 d6
9.Kh1 e5 10.Nb3 Ba7 11.c4 Be6 12.Qe2 Nc6 13.f5 Bd7 14.Bg5 Nd4 15.Nxd4 Bxd4
16.Na3 Bc6 17.Rab1 Qe7 18.Nc2 Ba7 19.b4 Bd7 20.b5 axb5 21.cxb5 Bc5 22.Bc4 O-O
23.Bb3 Kh8 24.a4 h6 25.Bh4 Rg8 26.Ne3 Bxe3 27.Qxe3 Rgd8 28.Rbd1 Rac8 29.Rd3 Rc7
30.Rfd1 Bc8 31.a5 Kh7 32.Qb6 Rcd7 33.h3 Qf8 34.Bxf6 gxf6 35.Bd5 Qe7 36.Rc3 Rf8
37.Rdc1 Rdd8 38.Rc7 Qe8 39.Kh2 Kg7 40.R1c3 Kh7 41.a6 bxa6 42.bxa6 Bxf5 43.exf5 e4
44.Qd4  1-0

[Event "ch-KAZ 2011"]
[Site "Astana KAZ"]
[Date "2011.05.23"]
[Round "8"]
[White "Aitbayev,A"]
[Black "Kotsur,P"]
[Result "0-1"]
[WhiteElo "2355"]
[BlackElo "2562"]

1.e4 c5 2.Nf3 e6 3.d4 cxd4 4.Nxd4 a6 5.Bd3 Ne7 6.O-O Nbc6 7.c3 d5 8.Be3 Nxd4
9.Bxd4 Nc6 10.Be3 dxe4 11.Bxe4 Bd6 12.Qh5 Qc7 13.Nd2 Ne5 14.Bc2 g6 15.Qh4 f5
16.h3 O-O 17.Rae1 Bd7 18.f4 Nf7 19.Bb3 Rae8 20.Bd4 b5 21.Nf3 Bxf4 22.Qf6 Ne5
23.Qh4 Nc6 24.Bc5 Rf7 25.Ng5 Bxg5 26.Qxg5 Na5 27.Qe3 Nxb3 28.axb3 e5 29.Rd1 f4
30.Qf2 Re6 31.Rd5 Bc6 32.Bb6 Qe7 33.Rd8+ Kg7 34.Qd2 Bxg2 35.Kxg2 Rxb6 36.Kh2 Re6
37.Rd5 Qh4  0-1

[Event "Orlova Open"]
[Site "Orlova CZE"]
[Date "2011.05.23"]
[Round "3.11"]
[White "Mrazek,L"]
[Black "Szotkowski,J"]
[Result "1/2-1/2"]
[WhiteElo "2138"]
[BlackElo "1906"]

1.e4 c5 2.Nf3 e6 3.d4 cxd4 4.Nxd4 a6 5.Bd3 Nf6 6.Qe2 Be7 7.Nc3 d6 8.Be3 Nc6
9.Nb3 b5 10.O-O-O e5 11.Nd5 O-O 12.Nb6 Rb8 13.Nxc8 Qxc8 14.g4 Nxg4 15.Bd2 Nd8
16.Rdg1 Nf6 17.Rg3 Ne6 18.Rhg1 Kh8 19.f4 exf4 20.Rf3 Nd7 21.Rh3 g6 22.e5 Nxe5
23.Bc3 Bf6 24.Bxe5 dxe5 25.Nd2 Ng5 26.Rh6 Kg7 27.h4 Kxh6 28.hxg5+ Bxg5 29.Qh2+ Kg7
30.Rxg5 f5 31.Rg1 e4 32.Be2 Qc7 33.Rh1 Kg8 34.c3 Rbc8 35.Bd1 Rfd8 36.Bb3+ Kh8
37.Qh6 Qg7 38.Qxf4 b4 39.Nc4 bxc3 40.Ne5 cxb2+ 41.Kb1 Rc1+ 42.Rxc1 bxc1=Q+
43.Kxc1 Rf8 44.Kb1 g5 45.Qh2 Rf6 46.Qh5 h6 47.Qe8+ Kh7 48.Nd7 h5 49.Nxf6+ Qxf6
50.Qxh5+ Kg7 51.Qe8 g4 52.Qd7+ Kg6 53.Be6 Kg5 54.Qd2+ Kg6 55.Bd5 Qe5 56.Qa5 Kg5
57.Qd8+ Kf4 58.Bc4 a5 59.Qd2+ e3 60.Qh2+ g3 61.Qh4+ Kf3 62.Qh5+ Kf2 63.Qe2+ Kg1
64.Qd1+ Kh2 65.Qh5+ Kg2  1/2-1/2

[Event "XXVI Felix Cup"]
[Site "Baile Felix ROU"]
[Date "2011.05.24"]
[Round "7.8"]
[White "Somborski,N"]
[Black "Cojocneanu,R"]
[Result "1-0"]
[WhiteElo "2376"]
[BlackElo "2087"]

1.e4 c5 2.Nf3 e6 3.d4 cxd4 4.Nxd4 a6 5.Bd3 Nc6 6.Nxc6 dxc6 7.Nd2 Qc7 8.a4 Nf6
9.O-O e5 10.Nc4 b5 11.Ne3 Rb8 12.axb5 axb5 13.Bd2 Bc5 14.b4 Be7 15.Qf3 O-O
16.Ra5 Be6 17.Rfa1 Nd7 18.Nf5 Bxf5 19.Qxf5 Nb6 20.Ra7 Rb7 21.R7a2 Rd8 22.Bc3 Bf6
23.g3 Na4 24.Be1 Qd6 25.Rd1 g6 26.Qf3 Qe6 27.Raa1 Rbd7 28.h4 Bg7 29.h5 Rf8
30.Qe2 Rfd8 31.Kh2 Bf8 32.Ra3 Rd4 33.Rb1 Qd7 34.Rab3 Bh6 35.Ra1 Bg7 36.Raa3 f5
37.hxg6 hxg6 38.c4 fxe4 39.Bxe4 bxc4 40.Re3 Nb6 41.Bxg6 Nd5 42.Re4 Qd6 43.Bf5 Rf8
44.Rxd4 exd4 45.Be6+ Kh7 46.Qe4+ Kh6 47.Bd2+ Ne3 48.Rxe3  1-0

[Event "XXX Zalakaros Open"]
[Site "Zalakaros HUN"]
[Date "2011.05.24"]
[Round "5"]
[White "Xu,F"]
[Black "Monda,L"]
[Result "1-0"]
[WhiteElo "1951"]
[BlackElo "2124"]

1.e4 c5 2.Nf3 e6 3.d4 cxd4 4.Nxd4 a6 5.Bd3 Nf6 6.O-O Qc7 7.Nc3 Nc6 8.Nxc6 dxc6
9.Be3 e5 10.f3 Be6 11.Qe2 Be7 12.Na4 Nd7 13.Qf2 b5 14.Nc5 Nxc5 15.Bxc5 O-O
16.Kh1 Rab8 17.a4 Bc8 18.axb5 cxb5 19.Ba7 Ra8 20.Bb6 Qc6 21.Be3 Be6 22.Qg3 Bf6
23.Ra3 b4 24.Ra5 b3 25.cxb3 Bxb3 26.Rfa1 Be6 27.Rxa6 Rxa6 28.Rxa6 Qd7 29.Be2 Rb8
30.h3 h6 31.Bxh6 Qc7 32.Bg5 Bxg5 33.Qxg5 Qc2 34.Qxe5 Rxb2 35.Ra8+  1-0

[Event "84th ch-St Petersburg"]
[Site "St Petersburg RUS"]
[Date "2011.05.25"]
[Round "5"]
[White "Malakhov,I"]
[Black "Rozum,I"]
[Result "1/2-1/2"]
[WhiteElo "2449"]
[BlackElo "2468"]

1.e4 c5 2.Nf3 e6 3.d4 cxd4 4.Nxd4 a6 5.Bd3 Nf6 6.O-O e5 7.Nf3 d6 8.c4 Be7
9.Nc3 O-O 10.h3 Nc6 11.Be3 Be6 12.Rc1 Nd7 13.a3 Nc5 14.Nd5 Rc8 15.Bc2 Re8
16.b4 Nd7 17.Qe2 a5 18.Ba4 Ra8 19.Ra1 Qb8 20.b5 Bxd5 21.cxd5 Nd4 22.Nxd4 exd4
23.Bxd4 Bf6 24.Rad1 Qd8 25.Qd3 Bxd4 26.Qxd4 Qb6 27.Rfe1 Rac8 28.Qb2 Rc4 29.Bc2 Rec8
30.Bb1 Qc5 31.Kh1 Rc3 32.f4 Nf6 33.e5 dxe5 34.fxe5 Nxd5 35.Qd2 Ne3 36.Qd8+ Qf8
37.Qh4 g6 38.Rd7 Rc1 39.e6 Rxe1+ 40.Qxe1 Qxa3 41.exf7+ Kf8 42.Ba2 Nxg2 43.Qd2 Qxh3+
44.Kg1 Qe3+ 45.Qxe3 Nxe3 46.Be6 Rb8 47.Kf2 Nc2 48.Ke2 Nb4 49.Kd2 b6 50.Kc3 h5
51.Kd4 g5 52.Ke5 Ra8 53.Rd4 Nc2 54.Rd2 Na3 55.Kf6 Nxb5 56.Kxg5 Nc3 57.Rc2 Ne4+
58.Kf5 Nd6+ 59.Kf6 Ne4+ 60.Ke5 Ng5 61.Rg2 Nxf7+ 62.Kf6 Nh6 63.Rg5 Rd8 64.Rxh5 Ng8+
65.Ke5 Kg7 66.Rg5+ Kh7 67.Rg1 Nh6 68.Bd5 b5 69.Be4+ Kh8 70.Ra1 a4 71.Bc6 Rb8
72.Kd6 b4 73.Bxa4 b3 74.Bxb3 Rxb3 75.Ra7 Re3 76.Kd5 Kg8 77.Kd4 Re6 78.Kd3 Nf7
79.Ra8+ Kg7 80.Rb8 Kf6 81.Ra8 Kf5 82.Kd2 Re7 83.Rb8 Ra7 84.Rc8 Ne5 85.Rh8 Ra3
86.Rh7 Rg3 87.Rh8 Ke4 88.Re8 Rd3+ 89.Kc2 Rd5 90.Kc3 Ke3 91.Rc8 Rd1 92.Re8 Rc1+
93.Kb4 Ke4 94.Rh8 Nc6+ 95.Kb5 Kd5 96.Rh5+ Ne5 97.Kb4 Rc8 98.Kb3 Rg8 99.Kb4 Rg3
100.Ka4 Kd4 101.Kb4 Re3 102.Rh4+ Kd5 103.Rh5 Rf3 104.Ka4 Rc3 105.Kb4 Rc8
106.Kb3  1/2-1/2

[Event "Zonal 3.3"]
[Site "Tagaytay City PHI"]
[Date "2011.05.25"]
[Round "3"]
[White "Gunbayar,M"]
[Black "Hamdani,R"]
[Result "1-0"]
[WhiteElo "2334"]
[BlackElo "2368"]

1.e4 c5 2.Nf3 e6 3.d4 cxd4 4.Nxd4 a6 5.Bd3 Qc7 6.O-O g6 7.Be3 Bg7 8.c3 Ne7
9.f4 Nbc6 10.Nd2 f6 11.Qf3 O-O 12.Qf2 Rb8 13.N2f3 b5 14.Qh4 f5 15.Nxc6 Nxc6
16.e5 Bb7 17.Qg3 d6 18.exd6 Qxd6 19.Rad1 Qc7 20.Bc2 Na5 21.Ne5 Bd5 22.Bd4 Nc6
23.Nxc6 Qxc6 24.h4 Rbd8 25.h5 Bxa2 26.Bxg7 Kxg7 27.h6+ Kg8 28.b3 b4 29.c4 Qc5+
30.Kh2 e5 31.fxe5 Rd4 32.Rxd4 Qxd4 33.Bxf5 Kh8 34.e6 Bxb3 35.e7 Re8 36.Bxg6 hxg6
37.Rf8+  1-0

[Event "ch-UZB Major w"]
[Site "Tashkent UZB"]
[Date "2011.05.25"]
[Round "5"]
[White "Tokhirjanova,H"]
[Black "Gevorgyan,I"]
[Result "0-1"]
[WhiteElo "2106"]
[BlackElo "2110"]

1.e4 c5 2.Nf3 e6 3.d4 cxd4 4.Nxd4 a6 5.Bd3 Nf6 6.O-O Qc7 7.Be3 d5 8.Nd2 Bd6
9.h3 O-O 10.c4 dxe4 11.Bxe4 Nxe4 12.Nxe4 Be7 13.Rc1 Nc6 14.Qh5 Bd7 15.Rfd1 Rad8
16.Rc3 e5 17.Nf5 Bxf5 18.Rxd8 Bxe4 19.Rxf8+ Bxf8 20.Qg4 Bg6 21.f4 h5 22.Qf3 Nd4
23.Qf2 Nf5 24.Bb6 Qd6 25.fxe5 Qxe5 26.Rc1 Bd6 27.g4 hxg4 28.hxg4 Ng3 29.Re1 Ne4
30.Qe2 Qg3+ 31.Kf1 Bb4 32.Rd1 Nd2+ 33.Rxd2 Bxd2 34.Bf2 Qd3  0-1

[Event "Orlova Open"]
[Site "Orlova CZE"]
[Date "2011.05.26"]
[Round "6.12"]
[White "Mrazek,L"]
[Black "Didi,J"]
[Result "1-0"]
[WhiteElo "2138"]
[BlackElo "2031"]

1.e4 c5 2.Nf3 e6 3.d4 cxd4 4.Nxd4 a6 5.Bd3 Nc6 6.Nxc6 dxc6 7.O-O e5 8.f4 Nf6
9.f5 Qd4+ 10.Kh1 Nxe4 11.Bxe4 Qxe4 12.Nc3 Qc4 13.Bg5 f6 14.Be3 Be7 15.a4 a5
16.Qh5+ Qf7 17.Qh4 O-O 18.Rf3 g6 19.fxg6 hxg6 20.Rg3 g5 21.Rf1 g4 22.Bh6 f5
23.Rxg4+ fxg4 24.Rxf7 Bxh4 25.Rxf8+ Kh7 26.Be3 Kg6 27.Bc5 b6 28.Bxb6 Rb8
29.Ba7 Rxb2 30.Rxc8 Rxc2 31.Rxc6+ Kf5 32.g3 Bg5 33.Rc8 Bd2 34.Rf8+ Ke6 35.Ne4 Bb4
36.Re8+ Kf5 37.Nf2 Ra2 38.Rg8 Rxa4 39.Rxg4 Ra2 40.Rg8 a4 41.g4+ Kf4 42.Nd3+ Kf3
43.Nxb4 Ra1+ 44.Bg1 e4 45.g5 e3 46.g6 e2 47.Nc2 Rc1 48.Nd4+  1-0

[Event "XXX Zalakaros Open"]
[Site "Zalakaros HUN"]
[Date "2011.05.26"]
[Round "7"]
[White "Izso,D"]
[Black "Pataki,G"]
[Result "1-0"]
[WhiteElo "2279"]
[BlackElo "2365"]

1.e4 c5 2.Nf3 e6 3.d4 cxd4 4.Nxd4 a6 5.Bd3 Nc6 6.Nxc6 dxc6 7.O-O e5 8.Nd2 Bc5
9.Nc4 f6 10.Qh5+ g6 11.Qe2 Be6 12.Kh1 g5 13.Be3 Bxe3 14.Nxe3 Qe7 15.Bc4 O-O-O
16.a4 Nh6 17.Bxe6+ Qxe6 18.b4 Kc7 19.b5 axb5 20.axb5 Ra8 21.bxc6 bxc6 22.Ra6 Qf7
23.Rfa1 Rxa6 24.Qxa6 Rb8 25.Nc4 Qe6 26.Qa5+ Kc8 27.Nb6+ Kd8 28.Nd5+ Ke8 29.Nc7+  1-0

[Event "ch-Siberia Men"]
[Site "Barnaul RUS"]
[Date "2011.05.27"]
[Round "8"]
[White "Sitnikov,D"]
[Black "Bocharov,D"]
[Result "1/2-1/2"]
[WhiteElo "2463"]
[BlackElo "2580"]

1.e4 c5 2.Nf3 e6 3.d4 cxd4 4.Nxd4 a6 5.Bd3 Bc5 6.Nb3 Be7 7.Qg4 Bf6 8.O-O Ne7
9.Qg3 d6 10.N1d2 e5 11.Nc4 b5 12.Ne3 Nbc6 13.c4 Rb8 14.Rd1 O-O 15.Nd5 Nxd5
16.cxd5 Na5 17.Nxa5 Qxa5 18.Bd2 Qb6 19.Rac1 Bd7 20.Qe3 Qxe3 21.Bxe3 Rfc8
22.Bd2 Kf8  1/2-1/2

[Event "Zonal 3.3"]
[Site "Tagaytay City PHI"]
[Date "2011.05.27"]
[Round "6"]
[White "Kaisar,J"]
[Black "Purnama,T"]
[Result "1-0"]
[WhiteElo "2258"]
[BlackElo "2404"]

1.e4 c5 2.Nf3 e6 3.d4 cxd4 4.Nxd4 a6 5.Bd3 Ne7 6.O-O Nbc6 7.Nxc6 Nxc6 8.Be3 Be7
9.c4 d5 10.cxd5 exd5 11.exd5 Qxd5 12.Nc3 Qa5 13.a3 O-O 14.b4 Qe5 15.Nd5 Bf5
16.Bxf5 Qxf5 17.Bb6 Bd6 18.Re1 Rfe8 19.Qd2 Qg6 20.Bc7 Ne5 21.Qe3 Kf8 22.Qe4 Qh6
23.Bxd6+ Qxd6 24.Qxh7 Qxd5 25.Qh8+ Ke7 26.Qxg7 Kd7 27.Red1 Nd3 28.Qg3 Re1+
29.Rxe1 Nxe1 30.Rxe1 Rh8 31.Rc1 Ke6 32.h3 Rh5 33.Kh2 Rg5 34.Qe3+ Kf6 35.g3 Re5
36.Qh6+ Ke7 37.Rc5  1-0

[Event "XXX Zalakaros Open"]
[Site "Zalakaros HUN"]
[Date "2011.05.28"]
[Round "9"]
[White "Gledura,B"]
[Black "Ruck,T"]
[Result "1/2-1/2"]
[WhiteElo "2176"]
[BlackElo "2313"]

1.e4 c5 2.Nf3 e6 3.d4 cxd4 4.Nxd4 a6 5.Bd3 Bc5 6.Nb3 Ba7 7.O-O Nc6 8.Qg4 Nf6
9.Qg3 d6 10.Nc3 Ne5 11.Kh1 b5 12.f4 Nxd3 13.cxd3 b4 14.Ne2 g6 15.Be3  1/2-1/2

[Event "3rd Orissa Open"]
[Site "Bhubaneswar IND"]
[Date "2011.05.29"]
[Round "2"]
[White "Sidhant,M"]
[Black "Sriram,J"]
[Result "1/2-1/2"]
[WhiteElo "2184"]
[BlackElo "2446"]

1.e4 c5 2.Nf3 e6 3.d4 cxd4 4.Nxd4 a6 5.Bd3 Nf6 6.c4 Qc7 7.Nc3 Bc5 8.Be3 d6
9.O-O Nc6 10.Nxc6 Bxe3 11.fxe3 Qxc6 12.Qf3 Qc5 13.Na4 Qe5 14.c5 O-O 15.Nb6 Rb8
16.Rac1 d5 17.exd5 exd5 18.Qf4 Re8 19.Qxe5 Rxe5 20.c6 bxc6 21.Nxc8 Rxc8 22.Bxa6 Rb8
23.Rxc6 Rxb2 24.Rc8+ Re8 25.Rxe8+ Nxe8 26.Ra1 Nd6  1/2-1/2

[Event "Chicago Open"]
[Site "Wheeling USA"]
[Date "2011.05.29"]
[Round "7"]
[White "Abrahamyan,T"]
[Black "Ni,V"]
[Result "1-0"]
[WhiteElo "2335"]
[BlackElo "2178"]

1.e4 c5 2.Nf3 e6 3.d4 cxd4 4.Nxd4 a6 5.Bd3 Bc5 6.Nb3 Ba7 7.Qe2 Ne7 8.Be3 Nbc6
9.N1d2 O-O 10.O-O e5 11.Bxa7 Rxa7 12.c4 d6 13.Rfd1 Ng6 14.g3 Qg5 15.Kh1 Bh3
16.Nf3 Qg4 17.Qe3 Nf4 18.Bf1 Bxf1 19.Rxf1 Ne6 20.Rad1 f5 21.Rxd6 f4 22.Qd3 Raa8
23.Nfd2 f3 24.Re1 Rf6 25.Qf1 Rh6 26.Re3 Rf8 27.c5 Kh8 28.Rdd3 Ncd4 29.Nxd4 Nxd4
30.Nxf3 Rxf3 31.Rxf3 Qxe4 32.Qe2 Qc6 33.Qxe5 Qxf3+ 34.Kg1 Re6 35.Qb8+  1-0

[Event "29th Liechtenstein Open"]
[Site "Triesen LIE"]
[Date "2011.05.31"]
[Round "5.12"]
[White "Matt,F"]
[Black "Mertens,K"]
[Result "1-0"]
[WhiteElo "2169"]
[BlackElo "2080"]

1.e4 c5 2.Nf3 e6 3.d4 cxd4 4.Nxd4 a6 5.Bd3 Nf6 6.Nc3 Qc7 7.f4 d6 8.Be3 b5
9.a3 Bb7 10.Qf3 Nbd7 11.g4 e5 12.Nde2 Nc5 13.O-O-O Nfd7 14.Ng3 O-O-O 15.Bf1 Kb8
16.Bg2 Nb6 17.fxe5 dxe5 18.Rxd8+ Qxd8 19.Qxf7 Nc4 20.Rd1 Qc8 21.Bg1 Ne6 22.Nb1 g6
23.h4 Bh6+ 24.g5 Nxg5 25.hxg5 Bxg5+ 26.Nd2 Nxd2 27.Rxd2 Bxd2+ 28.Kxd2 Qd8+
29.Ke2 Rf8 30.Qg7 Qd6 31.Nf1 Rd8 32.Ne3 h5 33.Bh2 Re8 34.Nd5 Bc8 35.Bf3 a5
36.b4 a4 37.Bg1 Bd7 38.Bc5 Qe6 39.Qf6 Rg8 40.Bd6+ Kb7 41.Bxe5 h4 42.Qxe6 Bxe6
43.Ne7 Bc4+ 44.Kf2 Re8 45.Bf6 h3 46.Kg3 Be6 47.e5+ Ka6 48.Be4 Rd8 49.Bd3 Rd4
50.Be2 Rd2 51.Bf3 Rxc2 52.Nxg6 Rc3 53.Nf4 h2 54.Kxh2 Rxf3 55.Nxe6 Rxa3 56.Ng7 Rf3
57.Kg2 Rf4 58.e6 Rxf6 59.e7 Rg6+ 60.Kf2 Rxg7 61.e8=Q Rb7 62.Qa8+ Kb6 63.Qa5+ Kc6
64.Qa6+ Kc7 65.Ke3 Rb6 66.Qa7+ Rb7 67.Qc5+ Kb8 68.Qf8+ Ka7 69.Kd4 Rb8 70.Qe7+ Rb7
71.Qd8 a3 72.Qa5+ Kb8 73.Qxa3 Kc7 74.Kc5 Kb8 75.Kc6  1-0

[Event "Nis Open 2011"]
[Site "Nis SRB"]
[Date "2011.06.01"]
[Round "8.8"]
[White "Zajic,Milan"]
[Black "Zivkovic,Nem"]
[Result "1-0"]
[WhiteElo "2046"]
[BlackElo "2184"]

1.e4 c5 2.Nf3 e6 3.d4 cxd4 4.Nxd4 a6 5.Bd3 Nf6 6.O-O d6 7.c4 Nbd7 8.Nc3 Be7
9.Kh1 O-O 10.Qe2 Ne5 11.f4 Nxd3 12.Qxd3 Qc7 13.f5 Bd7 14.b3 Rac8 15.Bd2 e5
16.Nde2 b5 17.Rac1 bxc4 18.bxc4 Qb7 19.Ng3 h6 20.Nd5 Bd8 21.Nxf6+ Bxf6 22.Nh5 Bg5
23.Bxg5 hxg5 24.f6 g6 25.Qe3 Kh7 26.Ng3 g4 27.Nf5 Bxf5 28.Rxf5 Rh8 29.Rh5+ gxh5
30.Qg5 Qxe4 31.Qg7+  1-0

[Event "TCh-BUL GpA Men"]
[Site "Albena BUL"]
[Date "2011.06.02"]
[Round "1.1"]
[White "Filev,G"]
[Black "Genov,Peta"]
[Result "1/2-1/2"]
[WhiteElo "2361"]
[BlackElo "2444"]

1.e4 c5 2.Nf3 e6 3.d4 cxd4 4.Nxd4 a6 5.Bd3 Ne7 6.O-O Nec6 7.Nxc6 Nxc6 8.c4 Bc5
9.Nc3 O-O 10.Kh1 e5 11.f4 exf4 12.Bxf4 d6 13.Nd5 Be6 14.Qh5 g6 15.Qh6 Bxd5
16.cxd5 Nb4 17.Rf3 Nxd3 18.Rxd3 Qe7 19.Re1 Rae8 20.a3 f5 21.e5 dxe5 22.Rxe5 Qf6
23.Rh3 Qf7 24.Re6 Re7 25.Be5 Rfe8 26.Rxg6+ Qxg6 27.Qxg6+ hxg6 28.Rh8+ Kf7
29.Rh7+ Kg8 30.Rh8+ Kf7 31.Rh7+ Kg8  1/2-1/2

[Event "XX Guillermo Garcia Mem Elite"]
[Site "Santa Clara CUB"]
[Date "2011.06.03"]
[Round "13.4"]
[White "Guerra Mendez,J"]
[Black "Miranda Mesa,E"]
[Result "1-0"]
[WhiteElo "2472"]
[BlackElo "2382"]

1.e4 c5 2.Nf3 e6 3.d4 cxd4 4.Nxd4 a6 5.Bd3 Bc5 6.Nb3 Ba7 7.Qe2 Nc6 8.Be3 d6
9.N1d2 Nf6 10.f4 Bxe3 11.Qxe3 e5 12.f5 b5 13.O-O O-O 14.h3 Rb8 15.Kh2 Qb6
16.Qf3 Bb7 17.c4 Nd4 18.Qf2 Rfe8 19.Rae1 Ba8 20.Nxd4 exd4 21.cxb5 axb5 22.g4 h6
23.Qf4 Nd7 24.g5 hxg5 25.Qxg5 Qd8 26.f6 Nxf6 27.Rf5 Nd7 28.Rg1 Qxg5 29.Rfxg5 Ne5
30.Rxg7+ Kf8 31.Rg8+ Ke7 32.Rxe8+ Rxe8 33.Bxb5 Rc8 34.Ba4 d3 35.Kg3 Nc4 36.Nxc4 Rxc4
37.Bb3 Rxe4 38.Rf1 f6 39.Rf3 d2 40.Rd3 Re2 41.Bd1 Rg2+ 42.Kf4 Rf2+ 43.Ke3 Rh2
44.Kd4 f5 45.Kc3 Ke6 46.a4 Be4 47.Rxd2 Rxh3+ 48.Kd4 Rh1 49.a5 Bb7 50.Kc3 Rh3+
51.Kd4 Rh1 52.Kc3 Rh3+ 53.Kb4 f4 54.Kb5 f3 55.Kb6 Ba8 56.b4 Rh1 57.b5 Ke5
58.a6 f2 59.Rxf2 Rxd1 60.a7 Ra1 61.Rf8 Bh1 62.Rh8 Bf3 63.Re8+ Kd4 64.Re6 Kd5
65.Re3 Bh1 66.Re1 Rxe1 67.a8=Q+ Kd4 68.Qh8+ Kd3 69.Qh3+ Kc2 70.Qh2+ Kc3 71.Qg3+ Kd2
72.Qxd6+ Kc2 73.Qh2+ Kb1 74.Kc5 Ka1 75.Kb4 Rf1 76.Kc3 Rf3+ 77.Kc2 Rf1 78.Qe5+  1-0

[Event "TCh-BIH 2011"]
[Site "Neum BIH"]
[Date "2011.06.05"]
[Round "2.5"]
[White "Djurovic,G"]
[Black "Solak,D"]
[Result "1/2-1/2"]
[WhiteElo "2371"]
[BlackElo "2588"]

1.e4 c5 2.Nf3 e6 3.d4 cxd4 4.Nxd4 a6 5.Bd3 Nc6 6.Nxc6 dxc6 7.Be3 e5 8.Nd2 Nf6
9.Nc4 Be6 10.O-O Nd7 11.a4 b5 12.axb5 axb5 13.Rxa8 Qxa8 14.Nb6 Nxb6 15.Bxb6 Be7
16.Qa1 O-O 17.b3 f6 18.Be3 Qb7 19.Qc3 Ra8 20.Ra1 Rxa1+  1/2-1/2

[Event "Portuguese Honra"]
[Site "Vila Nova de Gaia POR"]
[Date "2011.06.08"]
[Round "4.2"]
[White "Margarido,J"]
[Black "Pires,G"]
[Result "1/2-1/2"]
[WhiteElo "1831"]
[BlackElo "2012"]

1.Nf3 c5 2.e4 e6 3.d4 cxd4 4.Nxd4 a6 5.Bd3 Qc7 6.O-O Nc6 7.Nxc6 dxc6 8.a4 Bd6
9.Kh1 e5 10.Nd2 Be6 11.Bc4 Qe7 12.Qe2 Nf6 13.a5 O-O 14.Nb3 Bg4 15.f3 Be6
16.Bg5 h6 17.Bxf6 Qxf6 18.Bxe6 Qxe6 19.Nd2 Rfd8 20.Nc4 Bc5 21.Rfd1 Qe7 22.Rxd8+ Rxd8
23.Rd1 Ba7 24.Rxd8+ Qxd8 25.Qd2 Qxd2 26.Nxd2 f6 27.Nc4 Bc5 28.g4 Kf7 29.Kg2 Ke6
30.Kf1 Ba7 31.Ke2 Bg1 32.h3 Bc5 33.Kd3 Bd4 34.c3 Bc5 35.b4 Bf2 36.Nb2 Kd6
37.Kc4 Bg1 38.Nd3 Be3 39.Ne1 Bf2 40.Nd3 Be3 41.Kb3 Bg1 42.Nb2 Bf2 43.c4 Ba7
44.Nd3 Ke6 45.h4 g6 46.Ka4 Kd6 47.Kb3 Ke6 48.b5 cxb5 49.cxb5 Be3 50.Kc4 Kd6
51.h5 g5 52.bxa6 bxa6 53.Nb4 Bd2 54.Nxa6 Bxa5 55.Kb5 Be1 56.Nc5 Bf2 57.Nb3 Be1
58.Na5 Bf2 59.Nc4+ Ke7 60.Na5 Kd6 61.Nb7+ Kc7 62.Nc5 Bxc5 63.Kxc5 Kd7 64.Kd5 Ke7
65.Kc6 Ke6 66.Kb7 Kd7 67.Kb6 Kd6 68.Kb5 Kd7 69.Kb6 Kd6 70.Kb5 Kd7  1/2-1/2